Humanismo y cruz
-д хадгалсан:
| Үндсэн зохиолч: | |
|---|---|
| Формат: | Ном |
| Хэл сонгох: | испани |
| Хэвлэсэн: |
Madrid
Rialp
1963
|
| Цуврал: | Naturaleza e Historia, 3
|
| Нөхцлүүд: | |
| Шошгууд: |
Шошго нэмэх
Шошго байхгүй, Энэхүү баримтыг шошголох эхний хүн болох!
|
MARC
| LEADER | 00000nam a2200000 a 4500 | ||
|---|---|---|---|
| 001 | UCL1721 | ||
| 003 | CL-VaPUC | ||
| 008 | 030926e19630000SP |||||||||||||||||spa|d | ||
| 082 | 0 | 4 | |a 210 |b PAN |2 21 |
| 100 | |a Panikkar, Raimon |q (Panikkar, Raimundo) |e autor |9 355650 | ||
| 245 | 1 | 0 | |a Humanismo y cruz |
| 300 | |a 376 p | ||
| 942 | |c BK | ||
| 945 | |d 20030926 00:00:00 |a rbrito | ||
| 260 | |a Madrid |b Rialp |c 1963 | ||
| 650 | 0 | |a Filosofía de la religión |9 256017 | |
| 650 | 0 | |a Humanismo cristiano |9 257489 | |
| 583 | |a last modification |c 20030926 00:00:00 |k Rodrigo Vera | ||
| 490 | 0 | |a Naturaleza e Historia, 3 | |
| 999 | |c 305162 |d 305160 | ||
| 952 | |0 0 |1 0 |4 0 |6 210_000000000000000_PAN_1963 |7 0 |8 A |9 368255 |a BIBTEO |b BIBTEO |d 2019-11-21 |i 2081709 |o 210 PAN 1963 |p 2081709 |r 2019-11-21 |w 2019-11-21 |y BK |k ICR | ||